| 000 | 00750nam a22002297a 4500 | ||
|---|---|---|---|
| 003 | 0 | ||
| 005 | 20250826101815.0 | ||
| 008 | 250826b xxu||||| |||| 00| 0 eng d | ||
| 020 | _a978-1-394-29876-1 | ||
| 050 |
_aGV 1469.3 _b.R64 2025 |
||
| 100 |
_aRogers, Scott, _eauthor. |
||
| 245 |
_aLevel up! : _bthe guide to great video game design / _cScott Rogers. |
||
| 250 | _a3rd ed. | ||
| 260 |
_aHoboken, New Jersey : _bJohn Wiley & Sons, Inc., _c2025. |
||
| 300 |
_axxxi, 575 pages : _billustrations ; _c24 cm. |
||
| 504 | _aIncludes bibliographical references and index. | ||
| 650 |
_aVideo games _xDesign. |
||
| 650 |
_aVideo games _xProgramming. |
||
| 650 |
_aComputer games _xDesign. |
||
| 650 |
_aInteractive media _xDesign. |
||
| 942 |
_2lcc _cBK |
||
| 999 |
_c367606 _d367606 |
||